Central Library OPAC University of Rajshahi

The semisovereign people : (Record no. 58227)

MARC details
000 -LEADER
fixed length control field 00749nam a2200217 a 4500
001 - CONTROL NUMBER
control field 58227
003 - CONTROL NUMBER IDENTIFIER
rucl marc code BD-RjUL
005 - DATE AND TIME OF LATEST TRANSACTION
control field 20211209080611.0
008 - FIXED-LENGTH DATA ELEMENTS--GENERAL INFORMATION
fixed length control field 161217s1960 nyu | 001 0 eng
035 ## - SYSTEM CONTROL NUMBER
System control number (BD-RjUL)58351
040 ## - CATALOGING SOURCE
Original cataloging agency DLC
Transcribing agency OCU
Modifying agency OCoLC
-- CSdC-L
-- PPiU
-- BD-RjUL
Language of cataloging eng
041 ## - LANGUAGE CODE
Language code of text/sound track or separate title eng
082 ## - DEWEY DECIMAL CLASSIFICATION NUMBER
Classification number 320.473
Edition number 23
Author mark and year SCS 1960
100 1# - MAIN ENTRY--PERSONAL NAME
Personal name Schattschneider, E. E.
Fuller form of name (Elmer Eric),
Dates associated with a name 1892-1971.
9 (RLIN) 172964
245 14 - TITLE STATEMENT
Title The semisovereign people :
Remainder of title a realist's view of democracy in America /
Statement of responsibility, etc. by E. E. Schattschneider.
260 ## - PUBLICATION, DISTRIBUTION, ETC. (IMPRINT)
Place of publication, distribution, etc. New York :
Name of publisher, distributor, etc. Holt, Rinehart and Winston,
Date of publication, distribution, etc. c1960.
300 ## - PHYSICAL DESCRIPTION
Pagination viii, 147 p. ;
Size 22 cm.
500 ## - GENERAL NOTE
General note Includes index.
651 #0 - SUBJECT ADDED ENTRY--GEOGRAPHIC NAME
Geographic name United States
General subdivision Politics and government
Chronological subdivision 20th century.
9 (RLIN) 172683
942 ## - ADDED ENTRY ELEMENTS (KOHA)
Source of classification or shelving scheme Dewey Decimal Classification
Koha item type Books
Holdings
Lost status Source of classification or shelving scheme Damaged status Not for loan Collection code Permanent Location Current Location Shelving location Date acquired Source of acquisition Cost, normal purchase price Total Checkouts Full call number Date last seen Copy number Koha item type
  Dewey Decimal Classification   Not For Loan Non-fiction Central Library, University of Rajshahi Central Library, University of Rajshahi Reading Room 02/02/1963 Mirza book 14.75   320.473 SCS 1960 17/12/2016 C-1 Books